Countries Most Similar To Trinidad & Tobago - Statistics

General Stats
  • This quiz has been taken 52 times
  • The average score is 9 of 20
Answer Stats
Rank Country Score % Correct
1 Jamaica 78
94%
3 Guyana 75.1
86%
2 Bahamas 76.7
60%
4 Belize 71.3
57%
9 Dominican Republic 64.8
57%
5 Suriname 70.3
54%
20 Canada 59.3
46%
7 Panama 65.7
46%
14 Colombia 61.8
43%
11 US 62.3
43%
10 Costa Rica 64.5
37%
12 UK 62.1
37%
16 Ireland 61.3
34%
19 Australia 59.8
31%
13 Brazil 61.9
29%
15 El Salvador 61.6
26%
18 New Zealand 60.3
26%
17 Nicaragua 60.5
26%
8 Fiji 65
23%
6 Mauritius 68.1
23%
No matching quizzes found
Score Distribution
Percent of People with Each Score
Percentile by Number Answered
Your Score History
You have not taken this quiz